| 000 | 00369nam a2200145Ia 4500 | ||
|---|---|---|---|
| 008 | 240307s9999||||xx |||||||||||||| ||und|| | ||
| 020 | _a9789388756693 | ||
| 082 |
_a610 _bPra/P |
||
| 100 | _aSingh,Pranjal Kumar | ||
| 245 | 0 | _aPharmaceutical Quality Assurance | |
| 250 | _a1st Edition | ||
| 260 |
_aAgra _bR.Narain Pub & Distributors |
||
| 300 | _a200p. | ||
| 942 | _cBK | ||
| 999 |
_c43141 _d43141 |
||